Регионална библиотека "Любен Каравелов" - Русе

Творци на българската литература (Запис номер 61101)

MARC детайли
000 -Лидер
Контролно поле с фиксирана дължина 01462nam a2200337 c 4500
003 - Код на организацията, давaща контролен номер
Контролно поле BLK
005 - Дата и час на последна редакция
Контролно поле 20180422102423.0
008 - Елементи от данни с фиксирана дължина
fixed length control field 180408b bul|||||r ||||||| ||bul||
010 ## - Наследен системен номер
LC control number KNG00065294000
040 ## - Източник на каталожния запис
Идентификатор на билиотеката - собственик на записа BLK
041 ## - Код за език
Код за езика на текст/звукозапис или на отделно заглавие Български
Код за езика КДБФ Български
080 ## - УДК
Текстов определител УДК Българска литература
УДК код - определител по УДК 821.163.2
УДК определител .09
УДК - код + определител 821.163.2.09
139 ## - Редно поле
Редна дума Творци на българската литература
Авторски знак Тв - Т 43
245 10 - Сведения за заглавието
Заглавие Творци на българската литература
Подзаглавни данни Очерци : Т. 1 -
Редно поле (дума) състав. на том Иван Сестримски.
Том Т. 1
250 ## - Област на изданието
Сведения за изданието 2. изд
257 ## - Страна на издаване
Страна на създаване/издаване България
260 ## - Област на издателските данни
-- София
Име на издателя, разпространителя и проч. Бълг. писател
Година на издаване 1984 -
300 ## - Физическа характеристика
Размери/Мащаб 20 см
380 ## - Жанр
Жанр Литературознание
490 1# - СЕРИИ (Колекции)
Име на серия Библиотека за ученика
500 ## - Общи забележки
Забележка Съдържа и био-библиогр. справки за авт. - Библиогр. след очерците.
650 #4 - Допълнително описание по предмет – тема
Основно описание – тема или топоним Българска литература - популярна литература
9 (RLIN) 241947
653 ## - Ключова дума – ненормативна
Ключова дума българска литература
700 1# - Други автори (авторска отговорност)
Лично име Сестримски, Иван
Автороска отговорност (Описва отношението между автора и произведението) състав. на том
9 (RLIN) 363551
760 1# - Описание на основната серия
Издание 2. изд
Място на издаване, издател и година 1984
Страници - том 511 с., 20 см
Забележка - том Други състав. и ред. К. Топалов, Кр. Станчев.
Заглавие Т. 1
852 ## - Местоположение
Форматна сигнатура Цб 126479
856 4# - Електронен адрес и достъп
Електронен формат pdf - файл
Път до файла /url/
856 4# - Електронен адрес и достъп
Електронен формат pdf - файл
Път до файла /url/
942 ## - АРТИКУЛИ
Вид на библиотечния материал Книги
Скрит в OPAC Не
944 ## - СЪЗДАВАНЕ И РЕДАКЦИЯ на ЗАПИСА
Създаване/Редакция Създаване
Дата на регистрацията/редакция 13.06.2004
Служител, извършил регистрацията/редакцията Валя_Йорданова
944 ## - СЪЗДАВАНЕ И РЕДАКЦИЯ на ЗАПИСА
Създаване/Редакция Редакция
Дата на регистрацията/редакция 26.09.2017
Служител, извършил регистрацията/редакцията Вася_Ганчева
999 ## - СИСТЕМНИ КОНТРОЛНИ НОМЕРА
Koha biblionumber 61101
Koha biblioitemnumber 61101
Наличности
Код за отписване Код за изгубен артикул Източник на класификационната схема Код за повреда Коз за рестрикции Код за отдаване Артикулен № Име на библиотеката - собственик Име на библиотеката, в която се намира в момента Статус (Текущо местоположение) Дата на вписване в системата Местоположение - отдел Цена в лева Инвентарен номер Систематично азбучна сигнатура Баркод Номер на екземпляра Цена в евро Служебна бележка Служебен тип на артикула Бележка за публиката
  Не е изгубен Universal Decimal Classification Не е повреден без рестрикции ползва се в читалня 100918 Регионална библиотека "Любен Каравелов" Русе Регионална библиотека "Любен Каравелов" Русе Хранилище 2001-01-01 Хранилище 1.34 405638 Цб 126479 120000405638 1 0.69 Дост: Dp Вид: Д N: стар фонд Дата: 01.01.2001 Книги  
Изтеглен Не е изгубен Universal Decimal Classification Не е повреден без рестрикции заемане за дома 100919 Регионална библиотека "Любен Каравелов" Русе Регионална библиотека "Любен Каравелов" Русе Заемна - подръчен фонд 2001-01-01 Заемна - подръчен фонд 1.34 405088 П 886.7.09/Т 43 405088 2 0.69 Дост: Pk Вид: Ф N: стар фонд Дата: 01.01.2001 Книги  
Изтеглен Не е изгубен Universal Decimal Classification Не е повреден без рестрикции заемане за дома 100920 Регионална библиотека "Любен Каравелов" Русе Регионална библиотека "Любен Каравелов" Русе Заемна - подръчен фонд 2001-01-01 Заемна - подръчен фонд 1.34 405091 П 886.7.09/Т 43 405091 3 0.69 Дост: Pk Вид: Ф N: стар фонд Дата: 01.01.2001 Книги  
Изтеглен Не е изгубен Universal Decimal Classification Не е повреден без рестрикции заемане за дома 100921 Регионална библиотека "Любен Каравелов" Русе Регионална библиотека "Любен Каравелов" Русе Заемна - подръчен фонд 2001-01-01 Заемна - подръчен фонд 1.34 405092 П 886.7.09/Т 43 405092 4 0.69 Дост: Pk Вид: Ф N: стар фонд Дата: 01.01.2001 Книги  
Изтеглен Не е изгубен   Не е повреден без рестрикции заемане за дома 100922 Регионална библиотека "Любен Каравелов" Русе Регионална библиотека "Любен Каравелов" Русе Детски отдел 2001-01-01 Детски отдел 1.34 405176 ДН 886.7/Т 43 405176 5 0.69 Дост: Pk Вид: Ф N: стар фонд Дата: 01.01.2001 Дата инв: 24.08.2015 Бележки инв: Д2015 Книги  
Изтеглен Не е изгубен   Не е повреден без рестрикции заемане за дома 100923 Регионална библиотека "Любен Каравелов" Русе Регионална библиотека "Любен Каравелов" Русе   2001-01-01 Детски отдел 1.34 405178 ДН 886.7/Т 43 405178 6 0.69 Дост: Pk Вид: Ф N: стар фонд Дата: 01.01.2001 Дата инв: 02.10.2015 Бележки инв: Д2015 Книги Отч.N: 38/2017 , Дата: 07.09.2017
Vip Innovations Ltd, Rousse, Bulgaria 2025